The Young Man And The Sea / (Record no. 5425)

MARC details
000 -LEADER
fixed length control field 01000nam a22002777a 4500
001 - CONTROL NUMBER
control field 5425
003 - CONTROL NUMBER IDENTIFIER
control field FISKH
005 - DATE AND TIME OF LATEST TRANSACTION
control field 20241204161002.0
008 - FIXED-LENGTH DATA ELEMENTS--GENERAL INFORMATION
fixed length control field 241204b cb ||||| |||| 00| 0 eng d
020 ## - INTERNATIONAL STANDARD BOOK NUMBER
International Standard Book Number 9780439368308
040 ## - CATALOGING SOURCE
Original cataloging agency FISKH
Language of cataloging eng
Transcribing agency FISKH
Modifying agency FISKH
050 ## - LIBRARY OF CONGRESS CALL NUMBER
Classification number PZ7.P52112
082 ## - DEWEY DECIMAL CLASSIFICATION NUMBER
Classification number 813.54
100 ## - MAIN ENTRY--PERSONAL NAME
Personal name Philbrick, Rodman
245 ## - TITLE STATEMENT
Title The Young Man And The Sea /
Statement of responsibility, etc. by Rodman Philbrick
250 ## - EDITION STATEMENT
Edition statement First Scholastic paperback printing, March 2005
260 ## - PUBLICATION, DISTRIBUTION, ETC.
Place of publication, distribution, etc. New York :
Name of publisher, distributor, etc. Scholastic ;
Date of publication, distribution, etc. 2004.
300 ## - PHYSICAL DESCRIPTION
Extent 192 pages :
Other physical details illustrations;
Dimensions 20 cm .
505 ## - FORMATTED CONTENTS NOTE
Formatted contents note S <br/>
520 ## - SUMMARY, ETC.
Summary, etc. After his mother's death, twelve-year-old Skiff Beaman decides that it is up to him to earn money to take care of himself and his father, so he undertakes a dangerous trip alone out on the ocean off the coast of Maine to try to catch a huge bluefin tuna.
521 8# - TARGET AUDIENCE NOTE
Target audience note 800 <br/>
Source Lexile <br/>
521 8# - TARGET AUDIENCE NOTE
Target audience note S <br/>
Source Raz-Plus <br/>
650 ## - SUBJECT ADDED ENTRY--TOPICAL TERM
Topical term or geographic name entry element ocean
Form subdivision Fiction
942 ## - ADDED ENTRY ELEMENTS (KOHA)
Source of classification or shelving scheme Dewey Decimal Classification
Koha item type Books
Suppress in OPAC No
Holdings
Withdrawn status Lost status Source of classification or shelving scheme Damaged status Not for loan Collection Home library Current library Shelving location Date acquired Total Checkouts Full call number Barcode Date last seen Price effective from Koha item type
    Dewey Decimal Classification     Fiction Footprints International School Library Network Toul Kork Campus Footprints International School Library Network Toul Kork Campus TTP Secondary Fiction Bookshelves 12/04/2024   PHI 813.54 PZ7.P52112 FISSE00461 06/06/2025 12/04/2024 Books